书目信息 |
| 题名: |
道德情操论
|
|
| 作者: | 斯密 著 ;吕宏波 , 杨江涛 译 | |
| 分册: | 一 | |
| 出版信息: | 北京 九州出版社 2007.01 |
|
| 页数: | 317页 | |
| 开本: | 23cm | |
| 丛书名: | 西方学术经典文库 | |
| 单 册: | ||
| 中图分类: | B82 | |
| 科图分类: | ||
| 主题词: | 伦理学--lun li xue shi--哲学理论--英语--汉语 | |
| 电子资源: | ||
| ISBN: | 7-80195-559-5 | |
| 000 | 01225nam 2200301 450 | |
| 001 | 012007638852 | |
| 005 | 20070926170830.12 | |
| 010 | @a7-80195-559-5@dCNY38.00 | |
| 100 | @a20070720d2007 km y0chiy0120 ea | |
| 101 | 2 | @achi@aeng@ceng |
| 102 | @aCN@b110000 | |
| 105 | @ay z 000yy | |
| 200 | 1 | @a道德情操论@Adao de qing cao lun@d= The theory of moral sentiments@h一@f(英) 亚当·斯密著@F(ying)ya dang·si mi zhu@g吕宏波, 杨江涛译@Glu hong bo,yang jiang tao yi@zeng |
| 210 | @a北京@c九州出版社@d2007.01 | |
| 215 | @a317页@d23cm | |
| 225 | 2 | @a西方学术经典文库@Axi fang xue shu jing dian wen ku |
| 300 | @a英汉对照 | |
| 305 | @a本书根据Clarendon Press 1979年版本译出 | |
| 330 | @a本书通过分析与阐述一个公正的旁观者的同情心与思维构造,形成了自身独具特色的道德情操、道德判断,以及美德等的理论体系。本书的内容有:论合宜感,论与合宜性相一致的不同的激情程度,论正义和仁慈等。 | |
| 410 | 0 | @12001 @a西方学术经典文库 |
| 510 | 1 | @aTheory of moral sentiments@zeng |
| 606 | 0 | @a伦理学@Alun li xue shi@x哲学理论@x英语@x汉语 |
| 690 | @aB82@v4 | |
| 701 | 1 | @a斯密@Asi mi@g(Smith, Adam)@4著 |
| 702 | 0 | @a吕宏波@Alu hong bo@4译 |
| 702 | 0 | @a杨江涛@Ayang jiang tao@4译 |
| 801 | 0 | @aCN@c20070926 |
| 905 | @dB82@eS709:1 | |
| 道德情操论= The theory of moral sentiments.一/(英) 亚当·斯密著/吕宏波, 杨江涛译.-北京:九州出版社,2007.01 |
| 317页;23cm.-(西方学术经典文库) |
| 英汉对照 |
| ISBN 7-80195-559-5:CNY38.00 |
| 本书通过分析与阐述一个公正的旁观者的同情心与思维构造,形成了自身独具特色的道德情操、道德判断,以及美德等的理论体系。本书的内容有:论合宜感,论与合宜性相一致的不同的激情程度,论正义和仁慈等。 |
| ● |
| 相关链接 |
|
|
|
正题名:道德情操论
索取号:B82/S709:1
 
预约/预借
| 序号 | 登录号 | 条形码 | 馆藏地/架位号 | 状态 | 备注 |
| 1 | 245549 | 202455495 | 社科库509/509社科库 20排4列6层/ [索取号:B82/S709:1] | 在馆 |